00840nam a2200241 a 450000100060000000300080000600500170001400800410003103500190007204000260009104100080011708200240012524501020014926000650025130000250031649000410034150400260038260000600040865000430046870000240051170000220053583000410055754254BD-RjUL20211209080107.0161104s1995 i b 000 0 eng  a(BD-RjUL)54376 aDLCcDLCdBD-RjUbeng aeng00a821.4223bCRI 199500aCritics on Dryden :breadings in literary criticism /cedited by Robert McHenry, David G. Lougee. aNew Delhi :bUniversity Book Stall, c1973 [ Reprint 1995] . avi, 114 p. ;c22 cm.0 aReadings in literary criticism, v15 aIncludes Bibliography10aDryden, John,d1631-1700xCriticism and interpretation. aEnglish PoetryxHistory and Criticism 1 aMcHenry, Robert W.,1 aLougee, David G., aReadings in literary criticism, v15